000 00715nam a2200265Ia 4500
003 OSt
005 20221006151705.0
006 a|||||r|||| 00| 0
007 ta
008 221006b |||||||| |||| 00| 0 jpn d
020 _c¥1200
024 _a23,022
037 _bGift, Japan Foundation
_cTextual
040 _aEASL
_cEASL
_bjpn
041 _2jpn
_ajpn
082 _aP42:3, L9
100 _aOKUTSU Keiichiro
_9659770
245 0 _aBoku wa unagida no bumpo da to no
260 _aTokyo
_bKuroshio Shuppan Japan
_c1979
300 _a210p.
_ccm.
490 _v JL
650 _aJL
942 _hP42:3, L9
_cTEXL
_2CC
999 _c1091108
_d1091108